| 000 | 01337nam a2200289 a 4500 | ||
|---|---|---|---|
| 003 | BLK | ||
| 005 | 20250714113635.0 | ||
| 008 | 210913b bul|||||r ||||||| ||bul|| | ||
| 020 | _a9789547714748 | ||
| 040 | _aBLK | ||
| 041 |
_aBUL _cBUL |
||
| 080 |
_aИталианска литература _b821.131.1 _x-31 _z821.131.1-31 |
||
| 084 | _aГ 18 | ||
| 100 | 1 |
_aГалдино, Диего _950741 |
|
| 245 | 1 | 0 |
_aЛюбовта има твоите очи _bРоман _cДиего Галдино; прев. от итал. Теодора Голиванова, Теодора Иванова. |
| 257 | _aITA | ||
| 260 |
_aСофия _bКръгозор _c2023 _fДобрич : ФОЛИАРТ |
||
| 300 |
_a182 с. _c21 см |
||
| 380 | _aX | ||
| 500 | _aОриг. загл.: Vorrei che l'amore avesse i tuoi occhi / Diego Galdino. - Биогр. данни за авт. отбелязани на гърба на кор. | ||
| 700 |
_91071 _aГоливанова, Теодора Любомирова _eпрев. от итал. |
||
| 700 |
_9489147 _aИванова, Теодора Руменова |
||
| 852 |
_aЦб 322853 _bЦб |
||
| 942 |
_cKNG _n0 _s1 _020 |
||
| 944 |
_cТеодора Пейчева-Дянкова _k30570 _lМоника Янева |
||
| 999 |
_c495512 _d495512 |
||